Đang tải...

Marxvad aur pragatisheel sahitya /

Chi tiết về thư mục
Tác giả chính: Ramvilas Sharma
Định dạng: Printed Book
Ngôn ngữ:Hindi
Được phát hành: New Delhi: Vani prakasan, 1994.
Những chủ đề:
LEADER 00652cam a2200217ua 4500
008 060815t1994||||||||||| 00 ||hin c
020 |a 81-7055-183-8 
041 0 |a hin 
082 |a H891.43309  |b RAM/M 
100 0 |a Ramvilas Sharma,  
245 0 0 |a Marxvad aur pragatisheel sahitya /  
260 |a New Delhi:  |b Vani prakasan,  |c 1994. 
300 |a 452p.. 
362 1 |a 1994. 
365 |a Rs.500/.  |e hb 
504 |a . 
650 |a Criticism- Hindi literature 
650 0 |a Hindi literature 
942 |c BK 
999 |c 6247  |d 6247 
952 |0 0  |1 0  |4 0  |6 H_891_433090000000000_RAM  |7 0  |9 6571  |a KUCL  |b KUCL  |d 2014-05-23  |l 0  |o H891.43309 RAM/  |p 11431  |r 2014-05-23  |w 2014-05-23  |y BK